00205nam a2200085Ia 450000100070000000500170000700800410002424500320006526000220009780877820250826171256.0250824s9999 xx 000 0 und d 0aGÜNDÜZSEFASIcSARAH JIO bARKADYA YAYINLARI